000 00646nam a2200277Ia 4500
005 20260324144855.0
008 008 260324s9999 xx 000 0 eng d
020 _a9781003149859
037 _aEBOOK
040 _aCRL
040 _beng
040 _cCRL
041 _2eng
041 _aeng
084 _qCRL
100 _aRear Admiral J.R. Hill
_91220926
245 0 _aMaritime Strategy for Medium Powers
260 _bTaylor and Francis
260 _c1986
365 _a
365 _b170
856 _uhttp://www.taylorfrancis.com/books/9781003149859
942 _cEBOOK
999 _c1828092
_d1828092